000 00653nam a2200217 i 4500
001 84038
003 ES-MaACL
005 20231222063043.0
007 t|
008 041119s1983 sp ||||1| spa d
100 1 _aJáuregui, Fernando,
_d1950-
_966193
245 1 0 _aCrónica del antifranquismo /
_cFernando Jáuregui, Pedro Vega.
250 _a[2ª ed.].
260 _a[Barcelona] :
_bArgos Vergara,
_c[1983]
300 _a318 p., 12 lám. ;
_c22 cm.
490 1 _aPrimera plana ;
_v34
700 1 _aVega, Pedro.
_9113578
830 0 _aPrimera plana ;
_v34
_9180521
852 _aES-MaACL
_jL-5672
_bR.106164
999 _c84038
_d84038